00768nam a2200169 a 450000100100000000500170001000800410002704000250006808200140009310000480010724500940015526000560024930000210030550000730032695201820039999900170058100004095920240305083702.0130912s1902 ng 000 0 spa d aDO-SdBNPbspacBNPHU axxxbxxxx1 aAngulo Guridi, Alejandro,d1823-190692224310aObservaciones criticas. :bsobre un libro de Mr. D. I. Burton /cAlejandro Angulo Guridi. aManagua, Nicaragua :bTipografía Nacional,c1902. a205 p. ;c20 cm. aPerteneció a la biblioteca personal de Carlos Larrazábal Blanco. 001050718MOaGRbGRcCTd2013-09-12iLF1l0oxxx xxxxp40959-10r2020-06-25w2020-06-25y1zPerteneció a la biblioteca personal de Carlos Larrazábal Blanco.ZNo se presta c40449d40449